000 00568nam a2200241 a 4500
001 nice12345678
003 IN_TiNIC
005 20260116015223.0
008 050524s1973 newa grp 000 0 eng
020 _a
_c250
082 0 0 _a294.5513
_bBUC
100 _aBuck, William
245 _aMahabharata
260 _aNew York
_bMeridian Books, Inc
_c1973
300 _a249p
500 _aincludes index and biblioraphy
505 2 _aNotes, Index
650 _aMythology-Hindu
700 1 _aBuck, William
902 _bSRS
942 _cBK
999 _c18805
_d18805